000 00485nam a2200217Ia 4500
001 12086
003 GE_BSU
008 181216s||||||||xx |||||||||||||| ||und||
020 _a9781578085446
040 _cGE_BSU
080 _a611.018(084.4)
100 _aGenten,Franck
245 _aAtlas of fish Histology
260 _aUSA
260 _bScience Publishers
260 _c2009
300 _a215p.25cm.
541 _h312Gel.
653 _aAtlas of fish Histology
942 _cBK
999 _c45263
_d45263